00583nam a2200157Ia 4500008004100000100001500041245009000056245003700146260005300183260000900236300001200245650001500257856006100272999001900333952007300352170221s9999 xx 000 0 und d aAnwar Khan aPsychometric Testing of Oldenburg Burnout Inventory among Academic Staff in Pakistan  cAnwar Khan, Rosman Bin Md Yusoff bInternational Review of Management and Marketing c2016 a15 : 14 xMarketing. uhttp://www.econjournals.com/index.php/irmm/issue/view/88 c312225d312225 001040aCLbCLd2017-02-21l0r2017-02-21 00:00:00w2017-02-21yFOJ